Famous Manchester United Footballers by Picture - Statistics

General Stats
  • This quiz has been taken 915 times
  • The average score is 23 of 30
Answer Stats
Picture Answer % Correct
Cristiano Ronaldo
98%
Wayne Rooney
97%
David Beckham
96%
David De Gea
95%
Zlatan Ibrahimovic
94%
Bruno Fernandes
93%
Eric Cantona
93%
Rio Ferdinand
93%
George Best
92%
Bobby Charlton
90%
Paul Scholes
90%
Robin van Persie
90%
Ryan Giggs
88%
Edwin van der Sar
86%
Patrice Evra
86%
Ruud van Nistelrooy
86%
Gary Neville
85%
Peter Schmeichel
83%
Roy Keane
83%
Nemanja Vidic
81%
Jaap Stam
76%
Ole Gunnar Solskjaer
76%
Michael Carrick
68%
Andy Cole
61%
Dwight Yorke
57%
Denis Law
46%
Denis Irwin
40%
Steve Bruce
37%
Bryan Robson
34%
Mark Hughes
32%
No matching quizzes found
Score Distribution
Percent of People with Each Score
Percentile by Number Answered
Your Score History
You have not taken this quiz